[Event "22nd OIBM 2018"]
[Site "Gmund am Tegernsee"]
[Date "2018.11.02"]
[Round "7"]
[White "Juergens, Klaus"]
[Black "Colpe, Malte"]
[Result "0-1"]
[WhiteElo "2149"]
[BlackElo "2379"]
[Annotator "NA"]
[PlyCount "42"]
[EventDate "2018.10.27"]
[EventType "swiss"]
[EventCountry "GER"]
[SourceTitle "playchess.com"]
[Source "ChessBase"]
[SourceQuality "1"]
[TimeControl "40/5400+30:1800+30"]

1. Nf3 {[%emt 0:00:00]} Nf6 {[%emt 0:00:00]} 2. c4 {[%emt 0:00:00]} g6 {[%emt 0:00:10]} 3. Nc3 {[%emt 0:00:02]} Bg7 {[%emt 0:00:21]} 4. e4 {[%emt 0:00:15]} d6 {[%emt 0:00:17]} 5. d4 {[%emt 0:00:11]} O-O {[%emt 0:00:08]} 6. h3 {[%emt 0:00:15]} Nbd7 {[%emt 0:02:24]} 7. e5 {[%emt 0:04:38]} Ne8 {[%emt 0:04:36]} 8. Be2 {[%emt 0:10:58]} c5 {[%emt 0:04:29]} 9. exd6 {[%emt 0:10:11]} Nxd6 {[%emt 0:00:36]} 10. O-O $11 {[%emt 0:00:46]} cxd4 {[%emt 0:13:35]} 11. Nxd4 {[%emt 0:00:21]} Ne5 {[%emt 0:00:52]} 12. c5 {[%emt 0:05:34]} Nf5 {[%emt 0:00:52]} 13. Nxf5 {[%emt 0:01:35]} Bxf5 {[%emt 0:00:11]} 14. Bg5 {[%emt 0:03:44]} h6 {[%emt 0:15:00]} 15. Qxd8 {[%emt 0:11:12]} Rfxd8 {[%emt 0:00:07]} 16. Bxe7 {[%emt 0:05:10]} Rd2 {[%emt 0:00:15]} 17. g4 {[%emt 0:01:56]} Be6 {[%emt 0:07:07]} 18. Rab1 {[%emt 0:17:57]} Nc6 {[%emt 0:02:13]} 19. Bd6 {[%emt 0:00:16]} Bxc3 {[%emt 0:00:20]} 20. bxc3 {[%emt 0:00:12]} Rxe2 {[%emt 0:00:13]} 21. Rxb7 {[%emt 0:00:27]} Rxa2 {[%emt 0:03:29]} 0-1

[Event "22nd OIBM 2018"]
[Site "Gmund am Tegernsee"]
[Date "2018.11.02"]
[Round "7"]
[White "Koelle, Tobias"]
[Black "Fischer, Daniel"]
[Result "1/2-1/2"]
[WhiteElo "2125"]
[BlackElo "2336"]
[Annotator "NA"]
[PlyCount "78"]
[EventDate "2018.10.27"]
[EventType "swiss"]
[EventCountry "GER"]
[SourceTitle "playchess.com"]
[Source "ChessBase"]
[SourceQuality "1"]
[TimeControl "40/5400+30:1800+30"]

1. d4 {[%emt 0:00:00]} Nf6 {[%emt 0:00:00]} 2. c4 {[%emt 0:00:00]} e6 {[%emt 0:00:00]} 3. Nc3 {[%emt 0:00:00]} Bb4 {[%emt 0:00:00]} 4. Nf3 {[%emt 0:00:00]} c5 {[%emt 0:00:39]} 5. g3 {[%emt 0:00:04]} Nc6 {[%emt 0:00:50]} 6. Bg2 {[%emt 0:00:32]} Ne4 {[%emt 0:00:53]} 7. Qd3 {[%emt 0:04:18]} cxd4 {[%emt 0:01:09]} 8. Nxd4 {[%emt 0:00:34]} Nxc3 {[%emt 0:00:38]} 9. bxc3 {[%emt 0:00:10]} Ne5 {[%emt 0:00:33] E20: Nimzo-Indian: 4 g3 and 4 f3} 10. Qc2 {[%emt 0:02:25]} Be7 {[%emt 0:00:57]} 11. Qb3 {[%emt 0:04:01]} O-O {[%emt 0:03:18]} 12. O-O {[%emt 0:01:23]} Qc7 {[%emt 0:05:27]} 13. Bf4 {[%emt 0:08:19]} a6 {[%emt 0:21:51]} 14. Nf3 {[%emt 0:06:53] [#]} d6 $146 {[%emt 0:06:49]} ({Predecessor:} 14... Nxf3+ 15. Bxf3 e5 16. Be3 Bc5 17. Bxc5 Qxc5 {1-0 (32) Gulko,B (2490)-Balashov,Y (2540) Tallinn (Estland) 1983}) 15. Nxe5 {[%emt 0:00:55]} dxe5 {[%emt 0:00:04]} 16. Be3 {[%emt 0:00:39]} Bc5 {[%emt 0:01:21]} 17. Bxc5 {[%emt 0:00:12]} Qxc5 {[%emt 0:00:05]} 18. Qb4 {[%emt 0:00:20]} Qc7 {[%emt 0:05:24]} 19. c5 {[%emt 0:11:23]} Bd7 {[%emt 0:21:06]} 20. Qxb7 {[%emt 0:01:14]} Ra7 {[%emt 0:00:35]} 21. Qxc7 {[%emt 0:01:55]} Rxc7 {[%emt 0:00:10]} 22. Rfd1 {[%emt 0:01:09]} Bb5 {[%emt 0:05:28]} 23. a4 {[%emt 0:06:04]} Bxe2 {[%emt 0:04:11]} 24. Re1 {[%emt 0:00:06]} Bc4 {[%emt 0:00:54]} 25. Rxe5 {[%emt 0:00:09]} f6 {[%emt 0:00:45]} 26. Re3 $11 {[%emt 0:00:50]} Rxc5 {[%emt 0:00:22]} 27. Rb1 {[%emt 0:06:08]} a5 {[%emt 0:03:22]} 28. h4 {[%emt 0:04:46]} Rfc8 {[%emt 0:02:19]} 29. Rb6 {[%emt 0:04:04]} e5 {[%emt 0:01:40]} 30. Re1 {[%emt 0:09:49]} Kf7 {[%emt 0:03:35]} 31. Rd1 {[%emt 0:01:01]} Ke7 {[%emt 0:05:14]} 32. Be4 {[%emt 0:05:46]} h6 {[%emt 0:01:48]} 33. Bf5 {[%emt 0:00:45]} R8c7 {[%emt 0:00:45]} 34. Rbd6 {[%emt 0:01:38]} Bb3 {[%emt 0:03:19]} 35. Rd7+ {[%emt 0:01:56]} Rxd7 {[%emt 0:00:27]} 36. Rxd7+ {[%emt 0:00:04]} Kf8 {[%emt 0:00:11]} 37. Rd8+ {[%emt 0:00:22]} Ke7 {[%emt 0:00:11]} 38. Rd7+ {[%emt 0:00:05]} Kf8 {[%emt 0:01:16]} 39. Rd8+ {[%emt 0:00:06]} Ke7 {[%emt 0:00:05]} 1/2-1/2

[Event "22nd OIBM 2018"]
[Site "Gmund am Tegernsee"]
[Date "2018.11.02"]
[Round "7"]
[White "Thrish Karthik"]
[Black "Schnepp, Gunnar"]
[Result "0-1"]
[WhiteElo "2116"]
[BlackElo "2320"]
[Annotator "NA"]
[PlyCount "62"]
[EventDate "2018.10.27"]
[EventType "swiss"]
[EventCountry "GER"]
[SourceTitle "playchess.com"]
[Source "ChessBase"]
[SourceQuality "1"]
[TimeControl "40/5400+30:1800+30"]

1. e4 {[%emt 0:00:00]} c5 {[%emt 0:00:00]} 2. Nf3 {[%emt 0:00:05]} d6 {[%emt 0:00:00]} 3. d4 {[%emt 0:00:03]} cxd4 {[%emt 0:00:00]} 4. Nxd4 {[%emt 0:00:16]} Nf6 {[%emt 0:00:00]} 5. Nc3 {[%emt 0:00:04]} a6 {[%emt 0:00:16]} 6. Be2 {[%emt 0:00:13]} e6 {[%emt 0:01:00]} 7. O-O {[%emt 0:03:36]} Be7 {[%emt 0:00:18]} 8. a4 {[%emt 0:01:12]} Qc7 {[%emt 0:02:43]} 9. Be3 {[%emt 0:05:52]} b6 {[%emt 0:03:48]} 10. f4 {[%emt 0:06:46]} Bb7 {[%emt 0:00:32]} 11. Bf3 {[%emt 0:00:06]} Nbd7 {[%emt 0:01:27]} 12. Nb3 {[%emt 0:04:09]} Rc8 {[%emt 0:06:31]} 13. g4 {[%emt 0:15:48]} h6 {[%emt 0:25:31]} 14. Qe2 {[%emt 0:08:47]} O-O {[%emt 0:07:34]} 15. h4 {[%emt 0:07:18]} d5 {[%emt 0:03:47]} 16. e5 {[%emt 0:09:39]} Ne4 {[%emt 0:00:22]} 17. Bxe4 {[%emt 0:00:07]} dxe4 {[%emt 0:00:15]} 18. g5 {[%emt 0:00:34]} hxg5 {[%emt 0:11:44]} 19. hxg5 {[%emt 0:00:05]} Rfd8 {[%emt 0:00:38]} 20. Qf2 {[%emt 0:05:39]} Bb4 {[%emt 0:03:20]} 21. Bd4 {[%emt 0:12:28]} Nc5 {[%emt 0:06:57]} 22. Bxc5 {[%emt 0:01:05]} bxc5 {[%emt 0:00:29]} 23. Na2 {[%emt 0:09:58]} c4 {[%emt 0:03:01]} 24. Nxb4 {[%emt 0:00:26]} cxb3 {[%emt 0:00:12]} 25. cxb3 {[%emt 0:00:21]} a5 {[%emt 0:00:12]} 26. Na2 {[%emt 0:00:41]} Qc6 {[%emt 0:00:39]} 27. Rac1 {[%emt 0:06:33]} e3 {[%emt 0:00:20]} 28. Qh2 {[%emt 0:00:02]} Qb6 {[%emt 0:00:59]} 29. Qe2 {[%emt 0:01:08]} Rxc1 {[%emt 0:01:22]} 30. Rxc1 {[%emt 0:01:08]} Rd2 {[%emt 0:01:09]} 31. Qb5 {[%emt 0:00:34]} Rg2+ {[%emt 0:01:07]} 0-1

[Event "22nd OIBM 2018"]
[Site "Gmund am Tegernsee"]
[Date "2018.11.02"]
[Round "7"]
[White "Astengo, Corrado"]
[Black "Welling, Gerard"]
[Result "0-1"]
[WhiteElo "2114"]
[BlackElo "2297"]
[Annotator "NA"]
[PlyCount "44"]
[EventDate "2018.10.27"]
[EventType "swiss"]
[EventCountry "GER"]
[SourceTitle "playchess.com"]
[Source "ChessBase"]
[SourceQuality "1"]
[TimeControl "40/5400+30:1800+30"]

1. e4 {[%emt 0:00:00]} g6 {[%emt 0:00:00]} 2. d4 {[%emt 0:00:00]} Bg7 {[%emt 0:00:00]} 3. Nc3 {[%emt 0:00:00]} c5 {[%emt 0:00:24]} 4. d5 {[%emt 0:02:23]} d6 {[%emt 0:00:08]} 5. Be3 {[%emt 0:03:19]} Nf6 {[%emt 0:00:37]} 6. Bb5+ {[%emt 0:02:41]} Bd7 {[%emt 0:06:20]} 7. Bxd7+ {[%emt 0:02:02]} Nbxd7 {[%emt 0:00:26]} 8. a4 {[%emt 0:03:01]} O-O {[%emt 0:02:49]} 9. h3 {[%emt 0:00:49]} a6 {[%emt 0:01:29]} 10. Nf3 {[%emt 0:09:10]} b5 {[%emt 0:00:42]} 11. Nd2 {[%emt 0:00:43]} b4 {[%emt 0:02:20]} 12. Ne2 {[%emt 0:00:36]} a5 {[%emt 0:01:58]} 13. O-O {[%emt 0:01:24]} Nb6 {[%emt 0:01:34]} 14. Kh1 {[%emt 0:03:24]} Nfd7 {[%emt 0:01:00]} 15. c3 {[%emt 0:06:04]} Ne5 $11 {[%emt 0:05:42]} 16. b3 {[%emt 0:05:15]} bxc3 {[%emt 0:03:53]} 17. Nxc3 {[%emt 0:01:23]} Nd3 {[%emt 0:01:00]} 18. Qc2 {[%emt 0:01:06]} Nb4 {[%emt 0:03:40]} 19. Qb2 {[%emt 0:00:53]} f5 {[%emt 0:02:30]} 20. f3 {[%emt 0:00:49]} e6 {[%emt 0:01:52]} 21. dxe6 {[%emt 0:03:48]} Qf6 {[%emt 0:00:21]} 22. Ndb1 {[%emt 0:01:19]} fxe4 {[%emt 0:01:49]} 0-1

[Event "22nd OIBM 2018"]
[Site "Gmund am Tegernsee"]
[Date "2018.11.02"]
[Round "7"]
[White "Rueberg, Jobst"]
[Black "Markmann, Ulrich"]
[Result "0-1"]
[WhiteElo "2101"]
[BlackElo "2282"]
[Annotator "NA"]
[PlyCount "80"]
[EventDate "2018.10.27"]
[EventType "swiss"]
[EventCountry "GER"]
[SourceTitle "playchess.com"]
[Source "ChessBase"]
[SourceQuality "1"]
[TimeControl "40/5400+30:1800+30"]

1. e4 {[%emt 0:00:00]} c5 {[%emt 0:00:00]} 2. Nf3 {[%emt 0:00:00]} e6 {[%emt 0:00:06]} 3. c3 {[%emt 0:00:33]} d5 {[%emt 0:00:07]} 4. e5 {[%emt 0:00:31]} d4 {[%emt 0:01:22]} 5. Bd3 {[%emt 0:01:31]} Nc6 {[%emt 0:06:46]} 6. O-O {[%emt 0:01:36]} Nge7 {[%emt 0:02:36]} 7. Re1 {[%emt 0:03:55]} Ng6 {[%emt 0:04:04]} 8. g3 {[%emt 0:05:22]} Be7 {[%emt 0:13:54]} 9. h4 {[%emt 0:06:58]} Qc7 {[%emt 0:13:51]} 10. Qe2 {[%emt 0:05:59]} b6 {[%emt 0:00:18]} 11. b3 {[%emt 0:05:53]} Bb7 {[%emt 0:00:47]} 12. Bb2 {[%emt 0:02:49]} dxc3 {[%emt 0:01:34]} 13. dxc3 {[%emt 0:11:13]} O-O-O {[%emt 0:00:41]} 14. Ba6 {[%emt 0:08:12]} h5 {[%emt 0:11:10]} 15. Bxb7+ {[%emt 0:03:24]} Qxb7 {[%emt 0:00:07]} 16. Na3 {[%emt 0:02:16]} Rd5 {[%emt 0:07:04]} 17. Rad1 {[%emt 0:05:02] [#]} Rxe5 $17 {[%emt 0:02:24]} 18. Nxe5 {[%emt 0:11:39]} Ncxe5 {[%emt 0:00:03]} 19. f4 {[%emt 0:01:28]} Nf3+ {[%emt 0:00:32]} 20. Kf2 {[%emt 0:00:11]} Nxe1 {[%emt 0:00:18]} 21. Rxe1 {[%emt 0:00:57]} Nxf4 {[%emt 0:00:58]} 22. gxf4 {[%emt 0:00:35]} Bxh4+ {[%emt 0:00:04]} 23. Ke3 {[%emt 0:00:36]} Bxe1 {[%emt 0:00:14]} 24. Qxe1 {[%emt 0:00:08]} h4 {[%emt 0:01:39]} 25. Nb5 {[%emt 0:01:24]} Qg2 {[%emt 0:04:17]} 26. Nd6+ {[%emt 0:08:12]} Kb8 {[%emt 0:00:07]} 27. Nxf7 {[%emt 0:01:42]} h3 {[%emt 0:05:55]} 28. Nxh8 {[%emt 0:00:27]} h2 {[%emt 0:00:04]} 29. Qh4 {[%emt 0:01:59]} g5 {[%emt 0:03:52]} 30. Qh5 {[%emt 0:03:50]} gxf4+ {[%emt 0:00:21]} 31. Kxf4 {[%emt 0:00:39]} Qf2+ {[%emt 0:00:11]} 32. Ke5 {[%emt 0:00:26]} Qf5+ {[%emt 0:00:07]} 33. Qxf5 {[%emt 0:00:23]} exf5 {[%emt 0:00:02]} 34. c4 {[%emt 0:02:25]} h1=Q {[%emt 0:00:09]} 35. Ke6 {[%emt 0:01:05]} f4 {[%emt 0:03:52]} 36. Nf7 {[%emt 0:01:01]} Qc6+ {[%emt 0:01:39]} 37. Ke7 {[%emt 0:02:07]} f3 {[%emt 0:00:58]} 38. Be5+ {[%emt 0:00:20]} Ka8 {[%emt 0:00:04]} 39. Bg3 {[%emt 0:00:41]} Qe4+ {[%emt 0:01:11]} 40. Kf6 {[%emt 0:00:47]} f2 {[%emt 0:00:31]} 0-1

[Event "22nd OIBM 2018"]
[Site "Gmund am Tegernsee"]
[Date "2018.11.02"]
[Round "7"]
[White "Lindam, Ingo"]
[Black "Tscharotschkin, Michael"]
[Result "1-0"]
[WhiteElo "2098"]
[BlackElo "2236"]
[Annotator "NA"]
[PlyCount "91"]
[EventDate "2018.10.27"]
[EventType "swiss"]
[EventCountry "GER"]
[SourceTitle "playchess.com"]
[Source "ChessBase"]
[SourceQuality "1"]
[TimeControl "40/5400+30:1800+30"]

1. d4 {[%emt 0:00:00]} d5 {[%emt 0:00:00]} 2. Nf3 {[%emt 0:00:00]} c6 {[%emt 0:00:10]} 3. c4 {[%emt 0:00:24]} Nf6 {[%emt 0:00:25]} 4. Qc2 {[%emt 0:00:11]} g6 {[%emt 0:00:47]} 5. Bf4 {[%emt 0:00:09]} Bf5 {[%emt 0:00:43]} 6. Qb3 {[%emt 0:00:04]} Qb6 {[%emt 0:00:43]} 7. e3 {[%emt 0:00:55]} Nbd7 {[%emt 0:02:13]} 8. Nbd2 {[%emt 0:04:17]} Bg7 {[%emt 0:02:35]} 9. h3 {[%emt 0:02:33]} O-O {[%emt 0:03:22]} 10. c5 {[%emt 0:00:40]} Qxb3 {[%emt 0:02:14]} 11. axb3 {[%emt 0:00:02]} Ne4 {[%emt 0:11:22]} 12. g4 {[%emt 0:01:23]} Nxd2 {[%emt 0:07:27]} 13. Nxd2 {[%emt 0:01:03]} Be6 {[%emt 0:07:14]} 14. b4 {[%emt 0:01:06]} a6 {[%emt 0:00:25]} 15. Nb3 {[%emt 0:00:58]} Rfc8 {[%emt 0:08:22]} 16. Kd2 $16 {[%emt 0:04:53]} f6 {[%emt 0:00:43]} 17. Na5 {[%emt 0:05:46]} Ra7 {[%emt 0:01:00]} 18. Nxb7 {[%emt 0:09:20]} Bf7 {[%emt 0:08:20]} 19. Na5 {[%emt 0:06:01]} e5 {[%emt 0:00:13]} 20. Bg3 {[%emt 0:03:17]} Nb8 {[%emt 0:03:50]} 21. Nb3 {[%emt 0:06:47]} Re8 {[%emt 0:04:18]} 22. Bd3 {[%emt 0:06:56]} Be6 {[%emt 0:01:00]} 23. Ra3 {[%emt 0:07:17]} Bc8 {[%emt 0:01:37]} 24. b5 {[%emt 0:08:12]} cxb5 {[%emt 0:00:20]} 25. Bxb5 {[%emt 0:00:03]} Ree7 {[%emt 0:01:42]} 26. Rha1 {[%emt 0:01:47]} Rac7 {[%emt 0:02:18]} 27. Bd3 {[%emt 0:02:15]} Rc6 {[%emt 0:02:05]} 28. Na5 {[%emt 0:01:55]} Rcc7 {[%emt 0:01:50]} 29. Rb3 {[%emt 0:01:10]} Nd7 {[%emt 0:02:50]} 30. c6 {[%emt 0:06:03]} Nf8 {[%emt 0:00:10]} 31. Rb6 {[%emt 0:00:48]} Ra7 {[%emt 0:01:39]} 32. Nb3 {[%emt 0:01:14]} Ne6 {[%emt 0:01:10]} 33. Bxa6 {[%emt 0:01:46]} Bxa6 {[%emt 0:00:17]} 34. Rbxa6 {[%emt 0:00:51]} Rac7 {[%emt 0:00:46]} 35. Ra8+ {[%emt 0:00:51]} Kf7 {[%emt 0:00:29]} 36. R1a6 {[%emt 0:03:56]} Ng5 {[%emt 0:00:50]} 37. Rd8 {[%emt 0:07:18]} Ne4+ {[%emt 0:02:25]} 38. Kd3 {[%emt 0:00:27]} Nxg3 {[%emt 0:01:03]} 39. fxg3 {[%emt 0:00:07]} exd4 {[%emt 0:01:06]} 40. Nxd4 {[%emt 0:00:40]} Bh6 {[%emt 0:00:29]} 41. Nc2 {[%emt 0:30:43]} Re5 {[%emt 0:33:58]} 42. Rd7+ {[%emt 0:05:38]} Rxd7 {[%emt 0:00:15]} 43. cxd7 {[%emt 0:00:02]} Ke7 {[%emt 0:00:20]} 44. Rd6 {[%emt 0:00:00]} Kd8 {[%emt 0:00:00]} 45. Rxf6 {[%emt 0:00:00]} Kxd7 {[%emt 0:00:00]} 46. Rf7+ {[%emt 0:00:00]} 1-0

[Event "22nd OIBM 2018"]
[Site "Gmund am Tegernsee"]
[Date "2018.11.02"]
[Round "7"]
[White "Yi, Danny"]
[Black "Andersson, Ulf"]
[Result "1/2-1/2"]
[WhiteElo "2092"]
[BlackElo "2530"]
[Annotator "TA"]
[PlyCount "32"]
[EventDate "2018.10.27"]
[EventType "swiss"]
[EventCountry "GER"]
[SourceTitle "playchess.com"]
[Source "ChessBase"]
[SourceQuality "1"]

{[%evp 17,32,-47,-43,-62,-37,-38,-11,-53,-24,-14,11,0,39,37,45,2,29]} 1. e4 c5 2. Ne2 Nc6 3. Nbc3 g6 4. g3 Bg7 5. Bg2 e6 6. O-O Nge7 7. d3 O-O 8. f4 d6 9. g4 f5 {LiveBook: 6 Games} 10. Ng3 {B25: Closed Sicilian: 3 g3, lines without early Be3} (10. gxf5 exf5 11. Ng3 Bd7 12. Nd5 Nxd5 13. exd5 Ne7 14. c4 Kh8 15. Rb1 Ng8 16. b4 b6 17. Ne2 Qh4 18. bxc5 dxc5 {0-1 (52) Cordeiro,M (2238)-Molina,R (2408) Florianopolis 2015}) 10... Nd4 11. g5 Qc7 $146 ({Predecessor:} 11... e5 12. Be3 Nec6 13. Nd5 exf4 14. Nxf4 Ne7 15. c3 Ndc6 16. exf5 Nxf5 {1-0 (33) Haussernot,C (2186)-Fraser,J (1934) Hastings 2015}) 12. Nce2 Bd7 13. c3 Ndc6 14. h4 {[%cal Bh2h4,Bh4h5][%mdl 32]} Rae8 15. h5 Rf7 16. Bf3 b6 1/2-1/2

[Event "22nd OIBM 2018"]
[Site "Gmund am Tegernsee"]
[Date "2018.11.02"]
[Round "7"]
[White "Pollmann, Sascha"]
[Black "Raupp, Thomas"]
[Result "0-1"]
[WhiteElo "2091"]
[BlackElo "2291"]
[Annotator "NA"]
[PlyCount "119"]
[EventDate "2018.10.27"]
[EventType "swiss"]
[EventCountry "GER"]
[SourceTitle "playchess.com"]
[Source "ChessBase"]
[SourceQuality "1"]
[TimeControl "40/5400+30:1800+30"]

1. Nf3 {[%emt 0:00:00]} c5 2. g3 Nc6 3. Bg2 g6 {[%emt 0:00:50]} 4. O-O {[%emt 0:03:12]} Bg7 {[%emt 0:00:07]} 5. e4 {[%emt 0:01:07]} e5 {[%emt 0:01:03]} 6. d3 {[%emt 0:00:47]} Nge7 {[%emt 0:00:15]} 7. c3 {[%emt 0:00:22]} O-O {[%emt 0:00:44]} 8. a3 {[%emt 0:02:53]} d6 {[%emt 0:07:59]} 9. b4 {[%emt 0:00:52]} h6 {[%emt 0:10:07] LiveBook: 136 Partien} 10. Nbd2 {[%emt 0:01:42]} Be6 {[%emt 0:00:56]} 11. Rb1 {[%emt 0:01:47]} Qc7 {[%emt 0:07:02] A04: Holländisches System ohne Übergang in andere Systeme} 12. Bb2 {[%emt 0:05:15]} b5 $146 {[%emt 0:25:49]} ({Vorgänger:} 12... Rad8 13. d4 cxd4 14. cxd4 d5 15. Qc1 dxe4 16. Nxe4 Bd5 17. Nxe5 Qb6 18. Qc5 Nf5 19. Qxb6 axb6 {½-½ (59) Miljanic,B (2425)-Ristic,N (2445) Niksic 1996}) 13. Ba1 {[%emt 0:06:23]} cxb4 {[%emt 0:04:40]} 14. axb4 {[%emt 0:00:34]} a5 {[%emt 0:02:32]} 15. bxa5 {[%emt 0:01:49]} Rxa5 {[%emt 0:05:50]} 16. d4 {[%emt 0:04:13]} Ba2 {[%emt 0:01:53]} 17. Rc1 {[%emt 0:01:03]} Rfa8 {[%emt 0:04:31]} 18. Qe2 {[%emt 0:02:17]} Qa7 {[%emt 0:02:11]} 19. Rfd1 {[%emt 0:08:06]} Rb8 {[%emt 0:01:35]} 20. d5 {[%emt 0:12:04]} Nd8 $1 {[%emt 0:00:08]} 21. c4 {[%emt 0:06:33]} b4 {[%emt 0:00:46]} 22. Ne1 {[%emt 0:04:42]} Nb7 {[%emt 0:00:13]} 23. Nd3 {[%emt 0:01:02]} Nc5 {[%emt 0:00:21]} 24. Nxc5 {[%emt 0:00:30]} Qxc5 {[%emt 0:00:18]} 25. Bh3 {[%emt 0:04:02]} Nc8 {[%emt 0:01:34]} 26. Bxc8 {[%emt 0:00:55]} Rxc8 {[%emt 0:00:15]} 27. Bb2 {[%emt 0:02:33]} h5 {[%emt 0:06:12]} 28. g4 {[%emt 0:02:14]} hxg4 {[%emt 0:00:30]} 29. Qxg4 {[%emt 0:00:13]} Qc7 {[%emt 0:03:00]} 30. Ra1 {[%emt 0:04:49]} Rca8 {[%emt 0:00:14]} 31. Qh3 {[%emt 0:01:16]} Qe7 32. Bc1 {[%emt 0:05:34]} Bf6 {[%emt 0:05:45]} 33. Nb3 {[%emt 0:01:32]} Ra4 {[%emt 0:02:27]} 34. Bb2 {[%emt 0:02:14]} Qc7 {[%emt 0:04:03]} 35. Rac1 {[%emt 0:01:53]} Bg5 {[%emt 0:00:10]} 36. Rc2 {[%emt 0:00:30]} Bxb3 {[%emt 0:01:30]} 37. Qxb3 {[%emt 0:00:11]} Qc5 {[%emt 0:00:11]} 38. Qg3 {[%emt 0:02:49]} Bf4 {[%emt 0:00:20]} 39. Qg4 {[%emt 0:00:01]} b3 {[%emt 0:00:25]} 40. Rc3 {[%emt 0:01:02]} Rxc4 {[%emt 0:02:09]} 41. Rxb3 {[%emt 0:31:46]} Rxe4 {[%emt 0:05:06]} 42. Qf3 {[%emt 0:00:00]} Rb4 {[%emt 0:03:01]} 43. Rc3 {[%emt 0:00:00]} Rc4 {[%emt 0:00:56]} 44. Rxc4 {[%emt 0:00:00]} Qxc4 {[%emt 0:00:03]} 45. Ba3 {[%emt 0:00:00]} Ra6 {[%emt 0:05:35]} 46. Rb1 {[%emt 0:00:00]} Qc8 {[%emt 0:03:11]} 47. Rb3 {[%emt 0:00:00]} Kg7 {[%emt 0:00:35]} 48. h3 {[%emt 0:00:00]} Qf5 {[%emt 0:03:23]} 49. Qe2 {[%emt 0:00:00]} (49. Kg2 $142) 49... Ra4 {[%emt 0:03:41]} 50. Kf1 {[%emt 0:00:00]} e4 {[%emt 0:02:43]} 51. Qb5 {[%emt 0:00:00]} Ra8 {[%emt 0:00:12]} 52. Qb6 {[%emt 0:02:57]} Qxd5 {[%emt 0:01:21]} 53. Rc3 {[%emt 0:03:03]} Be5 $19 {[%emt 0:00:47]} 54. Re3 {[%emt 0:01:00]} Rc8 {[%emt 0:01:25]} 55. Qb1 {[%emt 0:01:03]} Rc4 {[%emt 0:00:11]} 56. Qb3 {[%emt 0:01:14]} Qc6 {[%emt 0:00:20]} 57. Qb1 {[%emt 0:00:51]} d5 {[%emt 0:00:49]} 58. Qe1 {[%emt 0:01:18]} Rc2 {[%emt 0:00:24]} 59. Qb4 {[%emt 0:00:18]} Qc4+ {Qe1 Qc6} 60. Kg2 0-1

[Event "22nd OIBM 2018"]
[Site "Gmund am Tegernsee"]
[Date "2018.11.02"]
[Round "7"]
[White "Baeuml, Ulrich"]
[Black "Dobrikov, Marco"]
[Result "0-1"]
[WhiteElo "2088"]
[BlackElo "2231"]
[Annotator "NA"]
[PlyCount "66"]
[EventDate "2018.10.27"]
[EventType "swiss"]
[EventCountry "GER"]
[SourceTitle "playchess.com"]
[Source "ChessBase"]
[SourceQuality "1"]
[TimeControl "40/5400+30:1800+30"]

1. Nf3 {[%emt 0:00:00]} c5 {[%emt 0:00:00]} 2. c4 {[%emt 0:00:00]} Nc6 {[%emt 0:00:00]} 3. Nc3 {[%emt 0:00:32]} g6 {[%emt 0:00:07]} 4. g3 {[%emt 0:00:36]} Bg7 {[%emt 0:00:08]} 5. Bg2 {[%emt 0:00:25]} e6 {[%emt 0:00:21]} 6. O-O {[%emt 0:01:27]} Nge7 {[%emt 0:00:40]} 7. d4 {[%emt 0:01:43]} cxd4 {[%emt 0:02:53]} 8. Nb5 {[%emt 0:00:07]} d5 {[%emt 0:00:05]} 9. cxd5 {[%emt 0:03:10]} Nxd5 {[%emt 0:01:46]} 10. Nbxd4 {[%emt 0:01:11]} Qb6 {[%emt 0:06:17]} 11. Nb3 {[%emt 0:03:31]} O-O {[%emt 0:00:58]} 12. e4 {[%emt 0:00:12]} Ndb4 {[%emt 0:02:24]} 13. Be3 {[%emt 0:00:53]} Qa6 {[%emt 0:02:04]} 14. Nc5 {[%emt 0:38:58]} Qc4 {[%emt 0:04:08]} 15. Qd6 {[%emt 0:09:42]} Bxb2 {[%emt 0:23:20]} 16. Rad1 {[%emt 0:05:43]} Bf6 {[%emt 0:09:17]} 17. Qf4 {[%emt 0:05:03]} Bg7 {[%emt 0:02:42]} 18. Rc1 {[%emt 0:03:07]} Qxa2 {[%emt 0:02:44]} 19. Rfd1 {[%emt 0:01:15]} b6 {[%emt 0:04:04]} 20. Nd7 {[%emt 0:04:34]} Bxd7 {[%emt 0:00:07]} 21. Rxd7 {[%emt 0:00:02]} Rad8 {[%emt 0:02:08]} 22. Rxd8 {[%emt 0:01:30]} Nxd8 {[%emt 0:01:41]} 23. Bf1 {[%emt 0:01:32]} Nc2 {[%emt 0:02:30]} 24. Bd2 {[%emt 0:01:50]} e5 {[%emt 0:02:12]} 25. Qh4 {[%emt 0:03:41]} Nd4 {[%emt 0:00:59]} 26. Nxd4 {[%emt 0:02:36]} Qxd2 {[%emt 0:00:05]} 27. Ne2 {[%emt 0:00:09]} Ne6 {[%emt 0:00:35]} 28. Ra1 {[%emt 0:01:23]} a5 {[%emt 0:00:57]} 29. Rb1 {[%emt 0:00:07]} Ng5 {[%emt 0:04:22]} 30. Kg2 {[%emt 0:01:29]} Qd3 {[%emt 0:02:27]} 31. Rxb6 {[%emt 0:02:02]} Qf3+ {[%emt 0:00:08]} 32. Kg1 {[%emt 0:00:18]} Nxe4 {[%emt 0:00:12]} 33. g4 {[%emt 0:00:27]} g5 {[%emt 0:00:27]} 0-1